| 000 | 00549 a2200193 4500 | ||
|---|---|---|---|
| 020 | _a1568811667 | ||
| 040 |
_aDLC _bDLC |
||
| 082 | 0 | 0 | _a510 |
| 100 | 1 | _aMaurer, Stephen B. | |
| 245 | 1 | 0 |
_aDiscrete algorithmic mathematics _cStephen B. Maurer, Anthony Ralston. |
| 250 | _a3rd ed. | ||
| 260 |
_aWellesley, Mass. : _bA.K. Peters, _cc2004. |
||
| 300 |
_axxviii, 772 p. : _bill. (some col.) ; _c25 cm. |
||
| 500 | _aIncludes index. | ||
| 650 | 0 | _aMathematics. | |
| 650 | 0 | _aComputer science | |
| 700 | 1 | _aRalston, Anthony. | |
| 942 |
_cBK _k510 MAU _2ddc |
||
| 999 |
_c7394 _d7394 |
||